[Event "Bergheim op"]
[Site "Bergheim"]
[Date "2003.09.14"]
[Round "7"]
[White "Lambertz, Walter"]
[Black "Schuetz, Hans Joachim"]
[Result "0-1"]
[WhiteElo "1914"]
[BlackElo "1871"]
[PlyCount "108"]
[EventDate "2003.09.11"]
[EventType "swiss"]
[EventRounds "7"]
[EventCountry "GER"]
[SourceTitle "EXT 2006"]
[Source "ChessBase"]
[SourceDate "2005.11.24"]
[SourceVersion "1"]
[SourceVersionDate "2005.11.24"]
[SourceQuality "1"]

1. e4 c5 2. c3 b6 3. d4 Bb7 4. d5 Nf6 5. f3 e6 6. c4 exd5 7. cxd5 d6 8. Bb5+ Nfd7 9. f4 a6 10. Bxd7+ Nxd7 11. Nf3 g6 12. 0-0 Bg7 13. e5 0-0 14. Re1 Re8 15. e6 fxe6 16. dxe6 Nf8 17. Ng5 d5 18. Qe2 Qe7 19. f5 gxf5 20. Qh5 h6 21. Nf7 Qf6 22. Nxh6+ Bxh6 23. Bxh6 Rxe6 24. Rxe6 Nxe6 25. Nd2 Qd4+ 26. Kh1 Qg4 27. Qxg4+ fxg4 28. Re1 Kf7 29. Kg1 Re8 30. Kf2 Kg6 31. Bf4 Ng7 32. Be5 Nf5 33. Nf1 d4 34. g3 c4 35. Nd2 b5 36. Bf4 Rxe1 37. Kxe1 Kf6 38. Ke2 Ke6 39. a3 d3+ 40. Kd1 Kd5 41. Bb8 Nd4 42. Ke1 Nc6 43. Bc7 a5 44. Kf2 b4 45. axb4 axb4 46. Ke3 Ba6 47. Ne4 Na7 48. Nf2 Bc8 49. Ba5 Nc6 50. Bb6 Bf5 51. Kf4 Nd4 52. Bxd4 Kxd4 53. Kxf5 c3 54. bxc3+ bxc3 0-1

[Event "Bergheim op"]
[Site "Bergheim"]
[Date "2003.09.13"]
[Round "5"]
[White "Lambertz, Walter"]
[Black "Boidman, Yuri"]
[Result "0-1"]
[WhiteElo "1914"]
[BlackElo "2407"]
[PlyCount "66"]
[EventDate "2003.09.11"]
[EventType "swiss"]
[EventRounds "7"]
[EventCountry "GER"]
[SourceTitle "EXT 2006"]
[Source "ChessBase"]
[SourceDate "2005.11.24"]
[SourceVersion "1"]
[SourceVersionDate "2005.11.24"]
[SourceQuality "1"]

1. e4 d5 2. exd5 Nf6 3. d4 Bg4 4. Qd3 Qxd5 5. Nc3 Qd7 6. Bf4 Nc6 7. Nge2 Nb4 8. Qd2 Bf5 9. Rc1 0-0-0 10. a3 Nc6 11. Rd1 e5 12. d5 Na5 13. Bg5 Nc4 14. Qc1 Bg4 15. h3 Bh5 16. g4 Bg6 17. Ng3 Nd6 18. Bg2 Be7 19. Qe3 Kb8 20. Bxf6 gxf6 21. Nge4 f5 22. Nc5 Qe8 23. b4 h5 24. Bf1 hxg4 25. Nxb7 Kxb7 26. Qd3 Ka8 27. Qa6 Rb8 28. Na4 f4 29. Rc1 Be4 30. Rh2 Bxd5 31. c4 Qc6 32. Qa5 Nxc4 33. Bxc4 Bxc4 0-1